00434 2200181 4500001002100000005001500021008004100036020002200077035001900099041000700118082000800125090001400133100001700147245002200164260002800186300001800214650002000232INLIS00000000001543920241224114932241224||||||||| | ||| |||| || |  a978-1-84236-817-6 0010-1224015439 aid0 a500 a500 PAR p0 aSteve Parker00a100 fakta tentang aBandungbExamediac2008 a48hlm;17x25cm 0ailmu ilmu murni